000
00306nam a22001217a 4500
008
180807b xxu||||| |||| 00| 0 eng d
082
_a
813.52
245
_a
Microsoft office profesional academic
_c
Microsoft corporation
260
_c
2010
300
_a
1
_f
DVD
440
_x
9781111747978
942
_2
ddc
_c
MX
999
_c
46921
_d
46921